000 01683nam a2200493 i 4500
001 24524
003 KOSZ 005
005 20200720131401.0
008 970510s1994 pl a f f |000 0 pol
015 _aUWD 1994/9761
035 _a991000685199705066
035 _a(PL-WaBN)b10223460-48omnis_nlop
035 _ab10223460
035 _a(OCoLC)834024120
035 _a(PL)b0000001022346
035 _a(EXLNZ-48OMNIS_NETWORK)9910401778105606
040 _aWA N
_cWA N
_dKOSZ 005/HR
046 _k1994
080 _a664
080 _a(075.8)
100 1 _aBoruch, Mieczysław
_eAutor
245 1 0 _aProcesy technologii żywności /
_cMieczysław Boruch, Bogusław Król.
260 _aŁódź :
_bPŁ,
_c1994.
300 _a253, [1] s. :
_brys., wykr. ;
_c21 cm.
336 _aTekst
_btxt
_2rdacontent
337 _aBez urządzenia pośredniczącego
_bn
_2rdamedia
338 _aWolumin
_bnc
_2rdacarrier
380 _aKsiążki
380 _aPublikacje dydaktyczne
385 _mPoziom nauczania
_aSzkoły wyższe
388 _a1901-2000
388 _a1989-2000
490 1 _aSkrypty dla Szkół Wyższych / Politechnika Łódzka
504 _aBibliogr. s. 252-[254].
521 _aDla studentów III r. Wydziału Chemii Spożywczej.
650 7 _aTechnologia żywności
_2DBN
655 7 _aPodręczniki akademickie
_2DBN
658 _aRolnictwo i leśnictwo
700 1 _aKról, Bogusław
_eAutor
830 0 _aSkrypty dla Szkół Wyższych - Politechnika Łódzka
856 _uhttp://koha.tu.koszalin.pl/cgi-bin/koha/opac-detail.pl?biblionumber=24524
_yKatalog online BPK
942 _2UKD
_cKS
999 _c24524
_d24524